Представление документа в формате RUSMARC

ПолеНазваниеЗначение
  Тип записи a
  Библиографический уровень m
001 Контрольный номер UONB/MAIN/5d34c2c8478f4c7abaf5217e83177fce
005 Дата корректировки 20250520125710.2
010 Индекс ISBN __
d Цена 55 к.
9 Тираж 35000 экз.
100 Данные общей обработки __
a Данные общей обработки 20230112d1949 u y0rusy0189## ca
101 Язык документа 0_
a Язык текста rus
102 Страна публикации __
a Страна публикации RU
105 Кодированные данные (монография) __
a Кодированные данные (монография) y z 000yy
200 Заглавие и сведения об ответственности 1_
a Заглавие Организационно-хозяйственное укрепление сельскохозяйственной артели
e Сведения, относящиеся к заглавию умножение общественной собственности колхозов
e Сведения, относящиеся к заглавию стеногр. лекции
f Первые сведения об ответственности Т.И. Соколов
g Последующие сведения об ответственности Высш. парт. школа при ЦК ВКП(б)
210 Выходные данные 1_
a Место издания Москва
c Издательство Тип. Высш. парт. школы
d Дата издания 1949
215 Физическое описание __
a Объем 27 с.
d Формат 22 см
225 Серия 1_
a Серия Курс "Основы советской экономики и практика руководства отраслями народного хозяйства"
606 Тематические рубрики 0_
a Основная рубрика Сельскохозяйственные артели
610 Ключевые слова 0_
a Ключевые слова артели сельскохозяйственные; организационно-хозяйственное укрепление; колхозы; стенограммы лекций
686 Индексы других классификаций __
a Классификационный индекс 65.321.81
2 Код системы rubbk
700 Автор _1
a Фамилия Соколов
b Имя (инициалы) Т.И.
g Полное личное имя Тихон Иванович
4 Код отношения 070
801 Источник записи _0
a Страна RU
b Организация Ульяновская ОНБ
c Дата составления 20230112
g Правила каталогизации RCR
801 Источник записи _1
a Страна RU
b Организация Ульяновская ОНБ
c Дата составления 20230112
g Правила каталогизации RCR
901 Тип документа __
t Тип документа m
909 Создатель записи __
a Создатель записи Богданова
b Дата создания записи 20230112